000 02028nab a2200301 i 4500
003 BR-BrBNA
005 20250711193743.0
008 250711b2019 bl.ar|pooa||| 00| 0 por |
040 _aBR-BrBNA
_bpor
072 _aF70
100 _aLima, Lucas Vieira
100 _aSouza, Filipe Soares de
100 _aViveros, Raquel Stauffer
100 _aArruda, André Jardim
100 _aSalino, Alexandre
245 _aContribuições para a flora de samambaias da Serra dos Carajás, Pará, Brasil
500 _aPublicação on-line; 36 ref.; 4 illus.; Summaries (En, Pt)
520 _a Resumo Este estudo trata os táxons das famílias Athyriaceae, Lomariopsidaceae, Metaxyaceae e Saccolomataceae (Polypodiopsida) encontrados nas formações de Floresta Ombrófila Densa circunvizinhas às formações de canga da Serra dos Carajás, estado do Pará, e conta com descrições, imagens, distribuição e comentários. Na área de estudo foram registradas oito espécies distribuídas em cinco gêneros. Palavras-chave: Amazônia, flora, floresta úmida, samambaias leptosporangiadas, taxonomia. Abstract This study addresses the families Athyriaceae, Lomariopsidaceae, Metaxyaceae and Saccolomataceae (Polypodiopsida) recorded in the rainforest surrounding “canga” formations of the Serra dos Carajás, Pará state, with descriptions, images, geographical distribution and comments. In the study area were recorded eight species distributed in five genera. Key words: Amazonia, flora, wet forest, leptosporangiate ferns, taxonomy
650 _aAMAZÔNIA
650 _aFLORA
650 _aFLORESTA
650 _aSAMAMBAIA
650 _aTAXONOMIA
773 0 _0709
_9351354
_dRio de Janeiro-RJ Jardim Botanico do Rio de Janeiro 1935
_o2025-3977
_tRodriguésia (Brazil)
_x0370-6583; 2175-7860 on-line
_gv. 70 p. 1-9; (2019)
_wBR2025003210
856 _uhttps://www.scielo.br/j/rod/a/PMqSHC4drQRx5SpTjpL86Lw/?format=pdf&lang=pt
942 _cANA
999 _c332790
_d332790